| 000 | 00842cam a22002654a 4500 | ||
|---|---|---|---|
| 001 | 66786 | ||
| 003 | BD-RjUL | ||
| 005 | 20211209081558.0 | ||
| 008 | 170320s2000 enka 001 0 eng d | ||
| 020 | _a0750635983 | ||
| 035 | _a(BD-RjUL) | ||
| 040 |
_aDLC _cDLC _dDLC _dBD-RjUL _beng |
||
| 041 | _aeng | ||
| 082 | 0 | 0 |
_223 _a636.5089 _bAVI 2000 |
| 245 | 0 | 0 |
_aAvian medicine / _cedited by Thomas N. Tully, Jnr., Martin Lawton, Gerry M. Dorrestein ; foreword by John E. Cooper. |
| 260 |
_aOxford _aBoston : _bButterworth-Heinemann, _c2000. |
||
| 300 |
_ax, 411 p. : _bill. ; _c26 cm. |
||
| 500 | _aIncludes index. | ||
| 650 | 0 |
_aAvian medicine. _9197716 |
|
| 700 | 1 |
_aTully, Thomas N., _cJr., _d1959- _9197717 |
|
| 700 | 1 |
_aLawton, Martin P. C. _9197718 |
|
| 700 | 1 |
_aDorrestein, G. M. _9197719 |
|
| 942 |
_2ddc _cBK |
||
| 999 |
_c66786 _d66786 |
||